[Event "IECG QN.2001.0.00206"]
[Site "IECG email"]
[Date "2001.12.15"]
[Round "?"]
[White "Alonso Garcia, Juan Luis"]
[Black "Zelina, Raymond"]
[Result "1-0"]
[WhiteElo "800"]
[BlackElo "800"]
[PlyCount "105"]
[EventDate "2001.12.15"]
[EventType "tourn (corr)"]
[EventRounds "6"]
[SourceTitle "Corr 2008"]
[Source "ChessBase"]
[SourceDate "2008.06.24"]
[SourceVersion "1"]
[SourceVersionDate "2008.06.24"]
[SourceQuality "1"]

1. c4 e5 2. Nf3 e4 3. Nd4 Nc6 4. Nxc6 dxc6 5. Nc3 Nf6 6. f3 Bf5 7. fxe4 Nxe4 8. Nxe4 Bxe4 9. e3 Qd7 10. d4 Be7 11. Rg1 0-0 12. Bd3 Qe6 13. Bxe4 Qxe4 14. Qf3 Qxf3 15. gxf3 b6 16. e4 f6 17. Be3 Kh8 18. 0-0-0 g5 19. c5 Rad8 20. b4 bxc5 21. dxc5 a6 22. a3 h6 23. Rxd8 Rxd8 24. Rd1 Kg7 25. Rxd8 Bxd8 26. Kc2 Kf7 27. Bd4 Ke6 28. Kb3 f5 29. exf5+ Kxf5 30. Ka4 Kf4 31. Ka5 Kxf3 32. Kxa6 g4 33. Kb7 Ke4 34. Bg1 Kd5 35. a4 Ke4 36. Kxc6 Kf3 37. a5 Kg2 38. a6 Kxg1 39. a7 Kxh2 40. a8Q Bg5 41. Qa2+ Kh3 42. Kxc7 g3 43. b5 g2 44. Qf2 Bf4+ 45. Qxf4 g1Q 46. Qxh6+ Kg2 47. Qg5+ Kf2 48. Qxg1+ Kxg1 49. b6 Kf2 50. b7 Ke3 51. c6 Kd4 52. Kb6 Kd5 53. c7 1-0

[Event "IECG QN.2001.0.00206"]
[Site "IECG email"]
[Date "2001.12.15"]
[Round "?"]
[White "Zelina, Raymond"]
[Black "Van Eck, Jaco"]
[Result "1-0"]
[WhiteElo "800"]
[BlackElo "602"]
[PlyCount "80"]
[EventDate "2001.12.15"]
[EventType "tourn (corr)"]
[EventRounds "6"]
[SourceTitle "Corr 2008"]
[Source "ChessBase"]
[SourceDate "2008.06.24"]
[SourceVersion "1"]
[SourceVersionDate "2008.06.24"]
[SourceQuality "1"]

1. d4 d5 2. c4 Nf6 3. Nc3 e6 4. Bg5 Be7 5. e3 Nc6 6. Nf3 0-0 7. a3 a6 8. Bd3 h6 9. Bxf6 Bxf6 10. 0-0 b5 11. cxd5 exd5 12. h3 Be6 13. Ne2 Qc8 14. Nf4 Bf5 15. Rc1 Na5 16. Kh2 g5 17. Nxd5 Qe6 18. Nxc7 Qd6+ 19. Kh1 Rac8 20. Bxf5 Rxc7 21. Rxc7 Qxc7 22. Qd3 Nc6 23. Qc2 Qd6 24. Nd2 Be7 25. Rc1 h5 26. Qxc6 Qxc6 27. Rxc6 a5 28. Ne4 a4 29. d5 h4 30. d6 Bxd6 31. Rxd6 Ra8 32. Nxg5 Rf8 33. e4 Kg7 34. e5 b4 35. e6 f6 36. e7 Re8 37. Nf3 Rxe7 38. Kg1 Kf7 39. Rd4 bxa3 40. bxa3 Re2 1-0